[Event "Baltic Zonal III Stage 2018"]
[Site "Liepaja"]
[Date "2018.07.14"]
[Round "8"]
[White "Seeman, Tarvo"]
[Black "Vicas, Marijus"]
[Result "1-0"]
[WhiteElo "2414"]
[BlackElo "2183"]
[Annotator "TA"]
[PlyCount "97"]
[EventDate "2018.07.09"]
[EventType "swiss"]
[EventCountry "LAT"]
[SourceTitle "playchess.com"]
[Source "ChessBase"]
[SourceQuality "1"]

{[%evp 12,97,10,10,32,30,42,26,47,20,33,31,159,159,181,178,210,229,225,200,194,200,207,189,192,178,204,173,162,158,178,114,159,114,114,114,114,114,119,115,118,116,160,166,220,206,208,200,301,202,203,202,196,221,210,212,209,208,219,208,283,273,549,549,549,494,636,524,1056,1051,999,991,922,843,1660,1684,29971,29971,29972,29965,29988,29989,29989,29990,29990,29991,29991,29992]} 1. c4 e5 2. g3 f5 3. Bg2 Nf6 4. e3 d6 5. Ne2 Be7 6. Nbc3 O-O 7. O-O {LiveBook: 29 Games. A21: English Opening: 1...e5 2 Nc3} Kh8 (7... c6 8. b3 Na6 9. d4 e4 10. d5 Nc5 11. Ba3 Qa5 12. Bxc5 Qxc5 13. Rc1 Qa5 14. dxc6 bxc6 15. Qd2 Qe5 {0-1 (56) Georgiev,K (2623)-Vallejo Pons,F (2707) Riadh 2017}) 8. b3 Qe8 9. Bb2 {White is slightly better.} c6 $146 ({Predecessor:} 9... Qh5 10. f3 Qh6 11. h3 Nc6 12. f4 Bd8 13. Nd5 a5 14. a3 Re8 {½-½ (45) Bedic,Z (2180)-Kostanjsek,Z (2166) Sisak 2013}) 10. d3 Qh5 11. Qd2 f4 (11... Na6 $14) 12. exf4 $16 (12. gxf4 Ng4 $16) 12... Ng4 {[%csl Gg4][%cal Rh5h2]} 13. h3 {[%cal Bh2h3,Bh3h4][%mdl 32]} Nh6 {[#]} 14. h4 $1 Nf5 15. fxe5 dxe5 16. Ne4 Na6 17. f4 Bb4 18. Bc3 Bxc3 19. N2xc3 Nd4 20. fxe5 {[%cal Rf1f8] [#]} Bg4 21. Rxf8+ Rxf8 22. Rf1 Rxf1+ 23. Kxf1 {Black must now prevent Qf2.} Qxe5 24. Qg5 Qxg5 25. Nxg5 Kg8 26. Kf2 Nc5 27. Ke3 Nf5+ (27... Nc2+ $142 28. Kd2 Nd4) 28. Kf4 $18 {And now d4 would win.} h5 29. Be4 Nd4 (29... g6 {is a better defense.} 30. b4 Nxe4 31. Ngxe4 (31. Ncxe4 Be2 $16) (31. dxe4 Nd6 $16) 31... Bh3) 30. b4 Nd7 31. b5 cxb5 32. Nxb5 Ne2+ 33. Ke3 Nxg3 34. Nxa7 Nc5 35. Nb5 Ngxe4 36. dxe4 ({But not} 36. Nxe4 $6 Nxe4 37. Kxe4 Kf8 $18) 36... Ne6 $2 (36... Na6 37. Nd6 b6) 37. Nxe6 Bxe6 {[%mdl 4096] Endgame KB-KN} 38. c5 Kf8 39. Kf4 Ke7 40. a3 Bd7 41. Nd4 Kf6 42. e5+ {[%cal Be4e5,Be5e6,Be6e7][%mdl 32]} Kg6 43. e6 Ba4 44. Ke5 {White mates.} Kh6 45. e7 Kg6 46. c6 Bxc6 47. Nxc6 Kf7 48. Kd6 bxc6 49. Kd7 {Precision: White = 77%, Black = 35%.} 1-0

[Event "Baltic Zonal III Stage 2018"]
[Site "Liepaja"]
[Date "2018.07.14"]
[Round "8"]
[White "Berzinsh, Roland"]
[Black "Laurusas, Tomas"]
[Result "0-1"]
[WhiteElo "2410"]
[BlackElo "2465"]
[Annotator "TA"]
[PlyCount "182"]
[EventDate "2018.07.09"]
[EventType "swiss"]
[EventCountry "LAT"]
[SourceTitle "playchess.com"]
[Source "ChessBase"]
[SourceQuality "1"]

{[%evp 16,182,9,0,3,0,17,16,45,-11,-10,-56,-54,-57,-57,-57,-51,-50,-49,-70,-66,-66,-62,-58,-60,-72,-65,-72,-58,-114,-110,-133,-127,-124,-103,-122,-102,-97,-102,-100,-76,-76,-76,-75,-80,-95,-13,-54,0,0,0,0,0,0,0,0,0,0,0,0,0,0,0,0,0,0,0,0,0,0,0,0,0,0,0,0,0,-434,-427,-404,-380,-454,-438,-709,-656,-518,-322,-12832,-12833,-12833,-12833,-12833,-12834,-12837,-12837,-12837,-12837,-12837,-12837,-12837,-12838,-12839,-12839,-12838,0,0,0,0,0,0,0,0,0,0,0,0,0,0,0,0,0,0,0,0,0,0,0,0,0,0,0,0,0,0,0,0,0,0,0,0,0,0,0,0,0,0,0,0,0,0,0,0,0,0,0,-12838,-12839,-12839,-12839,-12840,-12837,-12838,-12839,-12841,-12840,-12841,-12841,-12841,-12841]} 1. d4 Nf6 2. Bf4 g6 3. Nc3 d5 4. e3 Bg7 5. Nb5 (5. h4 h5 6. Nf3 Bg4 7. Be2 Bxf3 8. Bxf3 c6 9. Qd2 Nbd7 10. O-O-O b5 11. Kb1 {½-½ (34) Aronian,L (2797)-Vachier Lagrave,M (2793) Caleta 2018}) 5... Na6 6. h3 {A45: Trompowsky Attack} O-O 7. Nf3 c6 8. Nc3 Nc7 9. Bd3 {LiveBook: 8 Games} c5 10. O-O c4 11. Be2 b5 12. b4 $146 (12. b3 $14) ({Predecessor:} 12. b3 a6 13. a4 cxb3 14. axb5 bxc2 {1-0 (60) Skoberne,J (2544)-Yankelevich,L (2440) Austria 2018}) 12... a5 $11 13. Ne5 axb4 14. Nc6 Qd7 15. Nxb4 Bb7 16. Bf3 e6 17. Be5 Ra5 18. a3 Rfa8 19. Qc1 Bf8 {[%cal Bg7f8,Bf8e7,Be7f6][%mdl 32] Threatens to win with ...Bxb4.} 20. Qb2 Nce8 21. Rfe1 Be7 22. e4 (22. Ra2 $15) 22... dxe4 23. Nxe4 Nxe4 24. Bxe4 Bxe4 25. Rxe4 Nf6 26. Bxf6 Bxf6 27. c3 Be7 28. d5 exd5 29. Nxd5 Qxd5 30. Rxe7 {[#]} Qd6 ({Black should play} 30... Rxa3 $1 $17 {[%mdl 512]} 31. Rae1 (31. Rxa3 Qd1+ 32. Kh2 Qd6+ 33. g3 Qxa3 $17) 31... Kg7) 31. Qe2 Rxa3 (31... Qf6 $15 32. Re8+ Rxe8 33. Qxe8+ Kg7) 32. Re8+ $1 Rxe8 33. Qxe8+ Kg7 34. Rxa3 Qxa3 {[%mdl 4096] Endgame KQ-KQ} 35. Qe5+ f6 36. Qc7+ Kf8 {Strongly threatening ...Qc1+.} 37. Qd8+ Kf7 38. Qd7+ Qe7 39. Qxb5 Qe1+ 40. Kh2 Qxc3 41. Qd7+ Kg8 42. Qe8+ Kg7 {And now ...Qe5+ would win.} 43. Qe7+ Kh6 {...Qe5+ is the strong threat.} 44. f4 $1 {White threatens Qf8+ and mate.} g5 45. fxg5+ Kxg5 {White must now prevent ...Qe5+.} 46. Qg7+ $2 {[%mdl 8192]} (46. Qxh7 $11 Qd4 47. g3) 46... Kf4 $19 47. Qh6+ Ke5 48. Qxh7 Kd6 49. h4 {[#]} (49. Qb1 $142 Kc5 50. h4) 49... Qe5+ $1 50. Kh3 Qe3+ 51. g3 $2 (51. Kh2 c3 52. Qg6) 51... Qe6+ 52. Kh2 Qe2+ 53. Kh3 c3 {[%cal Bc4c3,Bc3c2][%mdl 32]} 54. Qa7 c2 55. Qb8+ Ke7 56. Qc7+ Ke8 57. Qb8+ Kf7 58. Qc7+ Kg6 {( -> ...Qf1+)} 59. Qf4 Qe5 $2 (59... Qe6+ $19 60. Kh2 Qc6) 60. Qc4 $11 Qb2 61. Qg4+ Kh7 62. Qf5+ $1 Kg7 63. Qg4+ Kf8 64. Qc8+ Ke7 65. Qc7+ Ke6 66. Qc6+ Ke5 67. Qc5+ Ke4 68. Qc4+ Ke3 69. Qf4+ Kd3 70. Qf3+ Kc4 71. Qc6+ Kb3 (71... Kd3 $5 72. Qf3+ $8 Kd2 73. Qf2+ Kd3 74. Qf3+ $11) 72. Qd5+ Kc3 73. Qf3+ Kb4 74. Qb7+ Ka3 75. Qa6+ Kb3 76. Qe6+ Kb4 (76... Ka3 $5 77. Qa6+ $8 Kb3 78. Qe6+ Kc3 79. Qxf6+ Kb3 80. Qe6+ Kb4 81. Qb6+ Kc3 82. Qf6+ Kb3 83. Qf7+ Ka4 84. Qa7+ Kb3 85. Qf7+ Kc3 86. Qf6+ $11) 77. Qb6+ Ka3 78. Qa5+ Kb3 79. Qd5+ Kb4 80. Qe4+ Kc5 (80... Ka3 $5 81. Qa8+ $8 Kb4 82. Qb7+ Ka3 83. Qa8+ Kb4 84. Qb7+ $11) 81. Qe7+ Kd5 82. Qd7+ Ke5 83. Qe7+ Kf5 84. Qh7+ Ke6 85. Qg8+ $2 {[%mdl 8192]} (85. Qe4+ $11 Kd6 86. Qd3+ Ke7 87. Qh7+ Kd6 88. Qd3+ Ke5 89. Qe3+ Kd6 90. Qd3+) 85... Ke5 $19 {Black is clearly winning.} 86. Qe8+ Kd4 87. Qa4+ Kc5 88. Qa7+ Qb6 89. Qe7+ Kd4 90. Qe1 Kd3 91. Qf1+ Kc3 {Precision: White = 55%, Black = 73%.} 0-1

[Event "Baltic Zonal III Stage 2018"]
[Site "Liepaja"]
[Date "2018.07.14"]
[Round "8"]
[White "Klabis, Rokas"]
[Black "Rogule, Laura"]
[Result "1/2-1/2"]
[WhiteElo "2347"]
[BlackElo "2320"]
[Annotator "NA"]
[PlyCount "95"]
[EventDate "2018.07.09"]
[EventType "swiss"]
[EventCountry "LAT"]
[SourceTitle "playchess.com"]
[Source "ChessBase"]
[SourceQuality "1"]
[TimeControl "5400+30"]

1. e4 {[%emt 0:00:00]} c5 {[%emt 0:00:00]} 2. Nc3 {[%emt 0:00:00]} Nc6 {[%emt 0:00:09]} 3. Bb5 {[%emt 0:00:01]} g6 {[%emt 0:01:14]} 4. Bxc6 {[%emt 0:03:24]} bxc6 {[%emt 0:05:55]} 5. d4 {[%emt 0:03:55]} Qa5 {[%emt 0:08:33]} 6. Nge2 {[%emt 0:12:39]} Bg7 {[%emt 0:05:23]} 7. Be3 {[%emt 0:10:25]} Nf6 {[%emt 0:04:35]} 8. f3 {[%emt 0:13:15]} cxd4 {[%emt 0:16:46]} 9. Nxd4 {[%emt 0:01:34]} Ba6 {[%emt 0:03:48]} 10. Qd2 {[%emt 0:04:06]} O-O {[%emt 0:11:30]} 11. Nb3 {[%emt 0:03:34]} Qc7 {[%emt 0:02:09]} 12. O-O-O {[%emt 0:02:53]} Rfd8 {[%emt 0:05:22]} 13. Bf4 {[%emt 0:05:17]} d6 {[%emt 0:03:10]} 14. g4 {[%emt 0:05:32]} Bc4 {[%emt 0:05:23]} 15. h4 {[%emt 0:09:02]} a5 {[%emt 0:01:33]} 16. Qh2 {[%emt 0:00:05]} e5 {[%emt 0:04:35]} 17. Bg5 {[%emt 0:06:19]} a4 {[%emt 0:00:37]} 18. Nd2 {[%emt 0:00:12]} Be6 {[%emt 0:00:20]} 19. h5 {[%emt 0:02:44]} Rdb8 {[%emt 0:07:21]} 20. Ndb1 {[%emt 0:02:01]} h6 {[%emt 0:01:13]} 21. Be3 {[%emt 0:02:14]} g5 {[%emt 0:00:18]} 22. Qd2 {[%emt 0:00:13]} Qb7 {[%emt 0:01:10]} 23. b3 {[%emt 0:00:09]} d5 {[%emt 0:03:11]} 24. Bxg5 {[%emt 0:03:43]} axb3 {[%emt 0:01:07]} 25. axb3 {[%emt 0:00:22]} Kh7 {[%emt 0:05:12]} 26. Bxh6 {[%emt 0:03:56]} Bxh6 {[%emt 0:01:06]} 27. g5 {[%emt 0:00:03]} d4 {[%emt 0:01:03]} 28. gxh6 {[%emt 0:00:16]} Rg8 {[%emt 0:00:34]} 29. Na4 {[%emt 0:01:44]} Rxa4 {[%emt 0:00:18]} 30. bxa4 {[%emt 0:00:03]} Rb8 {[%emt 0:00:26]} 31. Qa5 {[%emt 0:02:12]} Qxb1+ {[%emt 0:00:36]} 32. Kd2 {[%emt 0:00:03]} Qa2 {[%emt 0:00:29]} 33. Ra1 {[%emt 0:01:51]} Qc4 {[%emt 0:00:08]} 34. Rab1 {[%emt 0:00:34]} Rxb1 {[%emt 0:01:07]} 35. Rxb1 {[%emt 0:00:04]} Nxh5 {[%emt 0:00:34]} 36. Qb4 {[%emt 0:01:30]} Qa6 {[%emt 0:00:16]} 37. Qf8 {[%emt 0:01:29]} Qxa4 {[%emt 0:00:35]} 38. Rb8 {[%emt 0:00:28]} Qa5+ {[%emt 0:00:22]} 39. Kd1 {[%emt 0:00:11]} Qa1+ {[%emt 0:00:13]} 40. Kd2 {[%emt 0:00:18]} Qc3+ {[%emt 0:00:08]} 41. Kc1 Qa1+ {[%emt 0:00:46]} 42. Kd2 {[%emt 0:00:39]} Qc3+ {[%emt 0:00:40]} 43. Kc1 {[%emt 0:00:03]} Qa1+ {[%emt 0:00:52]} 44. Kd2 Qc3+ 45. Kc1 Qe3+ 46. Kb1 Qxh6 47. Qh8+ Kg6 48. Qg8+ {Kh7 Qf8 Qe3} 1/2-1/2

[Event "Baltic Zonal III Stage 2018"]
[Site "Liepaja"]
[Date "2018.07.14"]
[Round "8"]
[White "Brazdzionis, Andrius"]
[Black "Sirosh, Ilja"]
[Result "1/2-1/2"]
[WhiteElo "2252"]
[BlackElo "2339"]
[Annotator "NA"]
[PlyCount "92"]
[EventDate "2018.07.09"]
[EventType "swiss"]
[EventCountry "LAT"]
[SourceTitle "playchess.com"]
[Source "ChessBase"]
[SourceQuality "1"]
[TimeControl "5400+30"]

1. d4 {[%emt 0:00:00]} Nf6 {[%emt 0:00:00]} 2. c4 {[%emt 0:00:00]} g6 {[%emt 0:00:00]} 3. Nc3 {[%emt 0:00:00]} d5 {[%emt 0:00:00]} 4. cxd5 {[%emt 0:00:37]} Nxd5 {[%emt 0:00:00]} 5. e4 {[%emt 0:00:03]} Nxc3 {[%emt 0:00:01]} 6. bxc3 {[%emt 0:00:02]} Bg7 {[%emt 0:00:08]} 7. Bg5 {[%emt 0:00:17]} c5 {[%emt 0:02:10]} 8. Rc1 {[%emt 0:00:06]} O-O {[%emt 0:00:54]} 9. Nf3 {[%emt 0:00:05]} Bg4 {[%emt 0:01:41]} 10. d5 {[%emt 0:00:13]} Qd6 {[%emt 0:00:12]} 11. Be2 {[%emt 0:00:07]} Nd7 {[%emt 0:03:00]} 12. O-O {[%emt 0:00:10]} Bxf3 {[%emt 0:14:09]} 13. Bxf3 {[%emt 0:00:13]} b5 {[%emt 0:00:16]} 14. Bg4 {[%emt 0:00:07]} c4 {[%emt 0:15:22]} 15. Bxd7 {[%emt 0:00:10]} Qxd7 {[%emt 0:00:08]} 16. f4 {[%emt 0:00:02]} Rac8 {[%emt 0:06:48]} 17. f5 {[%emt 0:03:43]} a5 {[%emt 0:04:59]} 18. Qe1 {[%emt 0:31:20]} Be5 {[%emt 0:25:17]} 19. Qh4 {[%emt 0:02:52]} f6 {[%emt 0:01:15]} 20. Bd2 {[%emt 0:08:06]} g5 {[%emt 0:03:44]} 21. Qh6 {[%emt 0:01:40]} b4 {[%emt 0:00:55]} 22. h4 {[%emt 0:02:28]} gxh4 {[%emt 0:00:24]} 23. cxb4 {[%emt 0:09:57]} c3 {[%emt 0:01:18]} 24. Bf4 {[%emt 0:00:06]} Bd4+ {[%emt 0:00:35]} 25. Be3 {[%emt 0:00:04]} Qa7 {[%emt 0:01:50]} 26. Bxd4 {[%emt 0:02:28]} Qxd4+ {[%emt 0:00:03]} 27. Kh1 {[%emt 0:01:55]} axb4 {[%emt 0:00:27]} 28. Qxh4 {[%emt 0:04:30]} Kh8 {[%emt 0:00:29]} 29. Rfd1 {[%emt 0:00:29]} Qe5 {[%emt 0:00:57]} 30. d6 {[%emt 0:02:00]} exd6 {[%emt 0:01:16]} 31. Rd5 {[%emt 0:00:12]} Qe7 {[%emt 0:00:04]} 32. Rd4 {[%emt 0:02:36]} Rb8 {[%emt 0:00:44]} 33. Qg3 {[%emt 0:00:21]} Rb6 {[%emt 0:02:34]} 34. Qd3 {[%emt 0:00:33]} Ra8 {[%emt 0:06:50]} 35. Rc2 {[%emt 0:00:29]} Ra5 {[%emt 0:02:15]} 36. Kh2 {[%emt 0:06:27]} Qe5+ {[%emt 0:00:34]} 37. Kh3 {[%emt 0:00:03]} Rc5 {[%emt 0:00:49]} 38. g3 {[%emt 0:01:53]} Kg7 {[%emt 0:00:30]} 39. Kg2 {[%emt 0:01:16]} Qe7 {[%emt 0:02:30]} 40. Qd1 {[%emt 0:00:38]} Re5 {[%emt 0:01:07]} 41. Qd3 {[%emt 0:01:15]} Qb7 {[%emt 0:01:13]} 42. Kh2 {[%emt 0:00:47]} Re7 {[%emt 0:00:38]} 43. Qf3 {[%emt 0:01:50]} Kh8 {[%emt 0:00:56]} 44. Qd3 {[%emt 0:00:55]} Kg7 {[%emt 0:01:28]} 45. Qf3 {[%emt 0:00:03]} Kg8 {[%emt 0:01:06]} 46. Qd3 {[%emt 0:01:34]} Kg7 {[%emt 0:00:43]} 1/2-1/2

[Event "Baltic Zonal III Stage 2018"]
[Site "Liepaja"]
[Date "2018.07.14"]
[Round "8"]
[White "Pedoson, Georg Aleksander"]
[Black "Chukavin, Kirill"]
[Result "0-1"]
[WhiteElo "2176"]
[BlackElo "2303"]
[Annotator "NA"]
[PlyCount "70"]
[EventDate "2018.07.09"]
[EventType "swiss"]
[EventCountry "LAT"]
[SourceTitle "playchess.com"]
[Source "ChessBase"]
[SourceQuality "1"]
[TimeControl "5400+30"]

1. c4 {[%emt 0:00:00]} e6 {[%emt 0:00:00]} 2. Nc3 {[%emt 0:00:00]} d5 {[%emt 0:00:18]} 3. d4 {[%emt 0:00:11]} Nf6 {[%emt 0:00:18]} 4. cxd5 {[%emt 0:01:14]} exd5 {[%emt 0:00:15]} 5. Bg5 {[%emt 0:00:05]} c6 {[%emt 0:00:53]} 6. e3 {[%emt 0:00:06]} Bf5 {[%emt 0:02:20]} 7. Bd3 {[%emt 0:02:09]} Bxd3 {[%emt 0:01:02]} 8. Qxd3 {[%emt 0:00:07]} Nbd7 {[%emt 0:01:06]} 9. Nge2 {[%emt 0:00:28]} Bd6 {[%emt 0:06:09]} 10. Ng3 {[%emt 0:06:17]} g6 {[%emt 0:09:06]} 11. O-O {[%emt 0:05:59]} h6 {[%emt 0:09:17]} 12. Bf4 {[%emt 0:01:03]} Qc7 {[%emt 0:05:03]} 13. Bxd6 {[%emt 0:02:51]} Qxd6 {[%emt 0:00:08]} 14. e4 {[%emt 0:00:09]} dxe4 {[%emt 0:02:06]} 15. Ngxe4 {[%emt 0:00:30]} Qc7 {[%emt 0:14:44]} 16. d5 {[%emt 0:08:54]} O-O {[%emt 0:03:18]} 17. d6 {[%emt 0:02:14]} Qb6 {[%emt 0:01:06]} 18. Rad1 {[%emt 0:01:55]} Rad8 {[%emt 0:01:10]} 19. Rd2 {[%emt 0:03:30]} Kg7 {[%emt 0:00:59]} 20. h3 {[%emt 0:03:47]} Rfe8 {[%emt 0:00:43]} 21. Rfd1 {[%emt 0:04:02]} Re6 {[%emt 0:00:48]} 22. Nxf6 {[%emt 0:05:47]} Nxf6 {[%emt 0:00:53]} 23. Qc4 {[%emt 0:00:13]} Qa5 {[%emt 0:06:49]} 24. b4 {[%emt 0:01:45]} Qg5 {[%emt 0:02:30]} 25. Rd4 {[%emt 0:14:42]} Qe5 {[%emt 0:03:47]} 26. Qd3 {[%emt 0:03:55]} b6 {[%emt 0:01:58]} 27. Qd2 {[%emt 0:03:35]} Rd7 28. a4 {[%emt 0:05:32]} Ne8 {[%emt 0:10:52]} 29. Ne4 {[%emt 0:03:35]} c5 {[%emt 0:00:51]} 30. bxc5 {[%emt 0:00:04]} bxc5 {[%emt 0:00:07]} 31. Rc4 {[%emt 0:00:19]} Nxd6 {[%emt 0:00:39]} 32. Nxc5 {[%emt 0:00:18]} Ree7 {[%emt 0:10:30]} 33. Nxd7 {[%emt 0:10:17]} Nxc4 {[%emt 0:00:06]} 34. Nxe5 {[%emt 0:04:32]} Nxd2 {[%emt 0:00:05]} 35. Nxg6 {[%emt 0:00:04]} Rd7 {[%emt 0:00:24]} 0-1

[Event "Baltic Zonal III Stage 2018"]
[Site "Liepaja"]
[Date "2018.07.15"]
[Round "9"]
[White "Neiksans, Arturs"]
[Black "Kovalenko, Igor"]
[Result "1/2-1/2"]
[WhiteElo "2567"]
[BlackElo "2624"]
[Annotator "TA"]
[PlyCount "127"]
[EventDate "2018.07.09"]
[EventType "swiss"]
[EventCountry "LAT"]
[SourceTitle "playchess.com"]
[Source "ChessBase"]
[SourceQuality "1"]

{[%evp 9,127,5,18,6,42,24,35,16,19,-6,-8,-7,2,-4,20,-16,0,0,0,-4,0,0,0,0,11,-42,0,-11,0,-45,-25,-53,0,0,3,-43,-25,-52,-35,-52,0,-50,-50,-85,-76,-79,-83,-80,-66,-66,-66,-100,-100,-100,-100,-100,-100,-100,-100,-100,-95,-84,-85,-85,-85,-91,-66,-58,-72,-50,0,0,0,0,14,0,0,0,0,0,45,38,39,-31,-37,-35,-27,-26,-40,-48,0,0,0,0,160,22,22,22,22,20,20,18,20,16,26,26,33,35,65,20,22,22,20,20,20,0,22,0,22,0]} 1. e4 e5 2. Nf3 Nc6 3. Bc4 Nf6 4. d3 h6 5. a4 (5. O-O d6 6. c3 g5 7. a4 Bg7 8. Re1 O-O 9. h3 d5 10. exd5 Nxd5 11. Nbd2 a6 12. Ne4 Nf4 13. a5 b5 14. axb6 cxb6 {1-0 (43) Karjakin,S (2782)-Mamedyarov,S (2808) Paris 2018}) 5... a5 $146 ({Predecessor:} 5... d6 6. h3 g6 7. Nc3 Bg7 8. Be3 O-O 9. Qd2 Kh7 10. g4 Ne8 11. O-O-O Be6 12. Kb1 a6 {0-1 (62) David,A (2572)-Sivuk,V (2509) Paleochora 2016}) 6. Nc3 {C55: Two Knights: 4 d3, 4 d4 exd4 5 e5 and Max Lange Attack} d6 7. Nd5 (7. O-O {with more complications.} Be7 8. h3 O-O 9. Re1 Be6 10. b3) 7... Nxd5 8. Bxd5 {White is slightly better.} Qf6 9. h3 Be7 10. Be3 Be6 11. c3 Qg6 12. g3 Bxd5 13. exd5 Nb8 {[%cal Bc6b8,Bb8d7,Bd7f6][%mdl 32]} 14. Qb3 Nd7 15. O-O-O Qf5 16. Nd2 O-O 17. Qxb7 (17. Ne4 $11) 17... Nf6 18. Qc6 Qxd3 19. Nc4 Qe4 20. g4 Rfc8 (20... Qf3 $15) 21. Rhg1 $11 Nh7 22. Rde1 (22. Nd2 $5 {[%cal Rd2e4]} Qg6 23. Qd7 $11) 22... Qg6 23. Qd7 Bg5 $36 {[%mdl 2048] Black is pushing.} 24. Qf5 $1 Qf6 (24... Nf6 $15) 25. Qxf6 Nxf6 26. Rd1 Ne4 27. Kc2 Bxe3 28. fxe3 Nf2 29. Ra1 Nxh3 30. Rg3 Ng5 31. Kd3 Rcb8 32. e4 Kf8 33. Rgg1 Nh3 34. Rgf1 Ra7 (34... Ra6 {seems wilder.} 35. Kd2 Ke7 36. Kd3 g6 37. Kd2 Nf4) 35. Ke3 Ke7 36. Rfb1 {[#]} Rba8 $1 37. Ra2 Ng5 38. Rba1 Rb8 39. Rb1 Nh7 40. b4 Nf6 41. Kf3 Kd7 42. Rbb2 axb4 43. cxb4 h5 44. gxh5 Rh8 45. Rh2 Nxh5 46. Na5 (46. b5 $14) 46... g6 $15 47. Nc6 Raa8 {...f5 is the strong threat.} 48. a5 f5 49. exf5 Raf8 50. a6 Rxf5+ 51. Ke3 {With the idea Rag2.} e4 $2 {[#]} ({Black should try} 51... Ra8 $11) 52. a7 (52. Kd4 $1 $16) 52... Ra8 $1 $11 53. Ra5 Rxd5 $1 54. Rxd5 Kxc6 {[%mdl 4096] Endgame KRR-KRN} 55. Ra5 Nf6 56. Kd4 Nd7 57. Kxe4 {Strongly threatening Rg2.} Kb6 58. Rha2 {And now Kd4 would win.} Kb7 59. Kf4 Nb6 {The position is equal.} 60. Kg5 Nc8 61. Rb5+ Nb6 62. Rba5 Nc8 63. Rb5+ Nb6 64. Rba5 {Precision: White = 46%, Black = 60%.} 1/2-1/2

[Event "Baltic Zonal III Stage 2018"]
[Site "Liepaja"]
[Date "2018.07.15"]
[Round "9"]
[White "Sulskis, Sarunas"]
[Black "Laurusas, Tomas"]
[Result "1/2-1/2"]
[WhiteElo "2507"]
[BlackElo "2465"]
[Annotator "TA"]
[PlyCount "91"]
[EventDate "2018.07.09"]
[EventType "swiss"]
[EventCountry "LAT"]
[SourceTitle "playchess.com"]
[Source "ChessBase"]
[SourceQuality "1"]

{[%evp 13,91,41,45,-34,-26,-37,-30,-53,-48,-48,-44,-52,-17,-65,-62,-71,-6,-6,-6,-4,-3,-9,-10,-3,-7,-52,-12,-53,-10,-54,-45,-56,-56,-66,-66,-83,-83,-83,-83,-83,-83,-83,-83,-83,-83,-83,-83,-83,-37,-78,-78,-78,-78,-78,-78,-83,-83,-83,-83,-83,-83,-83,-53,-53,-53,-53,0,-197,0,0,0,0,0,0,0,0,0,0,0,0]} 1. e4 c5 2. Nf3 e6 3. d4 cxd4 4. Nxd4 a6 5. c4 Nf6 6. Nc3 Qc7 7. Be2 Bb4 {LiveBook: 178 Games} 8. Bd2 {B41: Sicilian: Kan Variation: 5 c4} (8. Nc2 $14 Bxc3+ 9. bxc3) (8. O-O O-O 9. Qd3 d6 10. Bd2 Nc6 11. Nb3 b6 12. Rac1 Bc5 13. Bg5 Bb7 14. Qg3 Kh8 15. Rfd1 Ne5 16. Nxc5 bxc5 {0-1 (34) Naiditsch,A (2705)-Artemiev,V (2691) Riadh 2017}) 8... Bxc3 $15 9. Bxc3 Nxe4 10. Rc1 $146 {Black has an edge.} ({Predecessor:} 10. Bb4 Qb6 11. Ba3 e5 12. Qd3 Qxd4 13. Qxd4 exd4 14. Bg4 Nc6 15. O-O Nf6 {0-1 (45) Al Husani,Z-Radu,D (1552) Iasi 2013}) 10... Nc6 11. O-O O-O 12. c5 Rd8 13. Bf3 Nxc3 14. Rxc3 d5 (14... Ne5 $17) 15. cxd6 $1 $11 Rxd6 16. Qa4 {aiming for Nb5!} Qa5 ({But not} 16... Rxd4 $6 17. Qxd4 $1 {[%mdl 512]} Qxh2+ 18. Kxh2 $16) 17. Bxc6 Qxa4 18. Bxa4 {Strongly threatening Nf3.} Rxd4 19. Rfc1 (19. Rd1 $5 {[%cal Rd1d4]} e5 20. Rc7 $15) 19... Rd8 20. Rc7 b5 21. Bd1 (21. Rd1 $5 {[%cal Rd1d8]} Bb7 22. Rxd8+ Rxd8 23. Rxb7 bxa4 24. Kf1 $15) 21... Bd7 22. b4 Kf8 23. f4 Ke7 24. Bf3 Rac8 25. R1c6 Rxc7 26. Rxc7 Rc8 27. Rxc8 Bxc8 $17 {[%mdl 4096] Endgame KB-KB} 28. Kf2 Kd6 29. Ke3 e5 30. a3 h6 31. h4 g6 32. g3 f6 33. Be4 exf4+ 34. gxf4 g5 35. fxg5 fxg5 36. hxg5 hxg5 37. Kd4 g4 38. Ke3 Ke5 39. Bc6 g3 ({Black should play} 39... Ke6 $1 $15) 40. a4 $2 {[#]} (40. Kf3 $11) 40... bxa4 $2 (40... a5 $1 $19 {[%mdl 512] Hoping for ...g2.} 41. bxa5 b4) 41. Bxa4 $11 {The position is equal.} g2 42. Kf2 Kd4 43. Bd1 Kc3 44. Be2 Kxb4 {[#]} 45. Bxa6 $1 {[%mdl 512]} Bxa6 46. Kxg2 {Precision: White = 50%, Black = 66%.} 1/2-1/2

[Event "Baltic Zonal III Stage 2018"]
[Site "Liepaja"]
[Date "2018.07.15"]
[Round "9"]
[White "Kanep, Meelis"]
[Black "Brazdzionis, Andrius"]
[Result "1/2-1/2"]
[WhiteElo "2440"]
[BlackElo "2252"]
[Annotator "NA"]
[PlyCount "57"]
[EventDate "2018.07.09"]
[EventType "swiss"]
[EventCountry "LAT"]
[SourceTitle "playchess.com"]
[Source "ChessBase"]
[SourceQuality "1"]
[TimeControl "5400+30"]

1. Nf3 {[%emt 0:01:28]} Nf6 {[%emt 0:00:00]} 2. c4 {[%emt 0:00:29]} e6 {[%emt 0:00:00]} 3. g3 {[%emt 0:00:47]} d5 {[%emt 0:00:38]} 4. d4 {[%emt 0:00:56]} Bb4+ {[%emt 0:00:14]} 5. Bd2 {[%emt 0:00:33]} Be7 {[%emt 0:00:08]} 6. Bg2 {[%emt 0:00:40]} O-O {[%emt 0:00:08]} 7. O-O {[%emt 0:00:43]} Nbd7 {[%emt 0:00:06]} 8. Qb3 {[%emt 0:04:19]} c6 {[%emt 0:11:41]} 9. Nc3 {[%emt 0:01:39]} b6 {[%emt 0:05:04]} 10. Bf4 {[%emt 0:06:48]} Nh5 {[%emt 0:00:21]} 11. Bc1 {[%emt 0:03:00]} Nhf6 {[%emt 0:00:36]} 12. Rd1 {[%emt 0:04:09]} Bb7 {[%emt 0:01:16]} 13. cxd5 {[%emt 0:01:40]} cxd5 {[%emt 0:00:43]} 14. Bf4 {[%emt 0:02:31]} Nh5 {[%emt 0:00:07]} 15. Bd2 {[%emt 0:07:14]} Nhf6 {[%emt 0:00:18]} 16. a4 {[%emt 0:02:37]} a6 {[%emt 0:06:41]} 17. Be1 {[%emt 0:00:34]} Bd6 {[%emt 0:10:45]} 18. Nd2 {[%emt 0:02:41]} Qb8 {[%emt 0:05:39]} 19. e3 {[%emt 0:01:57]} Rd8 {[%emt 0:04:11]} 20. h3 {[%emt 0:05:43]} Qa7 {[%emt 0:00:24]} 21. f4 {[%emt 0:02:16]} Rac8 {[%emt 0:01:48]} 22. g4 {[%emt 0:02:52]} Qa8 {[%emt 0:03:38]} 23. Bh4 {[%emt 0:02:16]} Re8 {[%emt 0:00:14]} 24. Rdc1 {[%emt 0:14:02]} Ne4 {[%emt 0:03:38]} 25. Ndxe4 {[%emt 0:00:06]} dxe4 {[%emt 0:00:04]} 26. Qa2 {[%emt 0:03:50]} Bb4 {[%emt 0:00:58]} 27. Qb3 {[%emt 0:00:27]} Bd6 {[%emt 0:00:06]} 28. Qa2 {[%emt 0:00:23]} Bb4 {[%emt 0:00:05]} 29. Qb3 {[%emt 0:00:24]} 1/2-1/2